000 00417nam a2200169Ia 4500
008 230524s9999 xx 000 0 und d
020 _a8122402259
082 _a621.221
_bLAN
100 _aJohannes G.Lang
245 0 _a"Current, Voltage and Resistance Pi-9"
250 _a2ND
260 _aNEW DELHI
_bWiley Eastern
_c1993
300 _a71
500 _aQuantity Number: 2
650 _aElectrical
942 _cBK
999 _c6648
_d6648